[Event "Extremadura-chT"]
[Site "Spain"]
[Date "2007.02.17"]
[Round "5.2"]
[White "Romera Salas, Faustino"]
[Black "Gonzalez Cano, Juan Jose"]
[Result "1/2-1/2"]
[WhiteElo "1926"]
[BlackElo "1919"]
[PlyCount "69"]
[EventDate "2007.01.20"]
[EventType "team-swiss"]
[EventRounds "7"]
[EventCountry "ESP"]
[SourceTitle "EXT 2011"]
[Source "ChessBase"]
[SourceDate "2010.11.26"]
[SourceVersion "1"]
[SourceVersionDate "2010.11.26"]
[SourceQuality "1"]
[WhiteTeam "La Galeria"]
[BlackTeam "Casareno"]
[WhiteTeamCountry "ESP"]
[BlackTeamCountry "ESP"]

1. d4 d5 2. c4 c6 3. Nf3 Nf6 4. g3 dxc4 5. Bg2 b5 6. Ne5 Bb7 7. a4 Qc7 8. Bf4 Qc8 9. b3 Nd5 10. Bd2 cxb3 11. Qxb3 bxa4 12. Rxa4 e6 13. 0-0 Nd7 14. Nc4 N7b6 15. Nxb6 Nxb6 16. Ra5 Be7 17. Bb4 Qd7 18. Bxe7 Qxe7 19. Rc1 0-0 20. Bxc6 Bxc6 21. Rxc6 Qd7 22. Qc3 Nd5 23. Qc1 Rab8 24. Nd2 h6 25. Nf3 Rb7 26. Rac5 Nf6 27. e3 Nd5 28. Ne5 Qd8 29. Rc8 Qb6 30. Rxf8+ Kxf8 31. Rc8+ Ke7 32. Nc6+ Kf6 33. Kg2 Qb2 34. Qxb2 Rxb2 35. Kg1 1/2-1/2